Multiples of 4 Quiz - Statistics

General Stats
  • This quiz has been taken 361 times
  • The average score is 25 of 25
Answer Stats
Answer % Correct
12
100%
16
100%
24
100%
28
100%
4
100%
8
100%
20
99%
32
99%
36
99%
40
98%
44
98%
48
98%
52
98%
60
98%
64
98%
100
97%
56
97%
68
97%
72
97%
76
97%
80
97%
84
97%
88
97%
92
97%
96
97%
No matching quizzes found
Score Distribution
Percent of People with Each Score
Percentile by Number Answered
Your Score History
You have not taken this quiz